<?xml version="1.0" encoding="UTF-8"?>
<record
    xmlns:xsi="http://www.w3.org/2001/XMLSchema-instance"
    xsi:schemaLocation="http://www.loc.gov/MARC21/slim http://www.loc.gov/standards/marcxml/schema/MARC21slim.xsd"
    xmlns="http://www.loc.gov/MARC21/slim">

  <leader>01048nam0a22003131  4500</leader>
  <controlfield tag="001">RU\INFOCOMM_429\NLR\5000009178</controlfield>
  <controlfield tag="005">20250614081204.0</controlfield>
  <datafield tag="035" ind1=" " ind2=" ">
    <subfield code="a">(NLR Aleph) 010631175</subfield>
  </datafield>
  <datafield tag="090" ind1=" " ind2=" ">
    <subfield code="a">10636383</subfield>
    <subfield code="c">10636383</subfield>
  </datafield>
  <datafield tag="100" ind1=" " ind2=" ">
    <subfield code="a">20130329d1965    |||y0rusy50      ca</subfield>
  </datafield>
  <datafield tag="101" ind1="1" ind2=" ">
    <subfield code="a">eng</subfield>
    <subfield code="c">rus</subfield>
  </datafield>
  <datafield tag="102" ind1=" " ind2=" ">
    <subfield code="a">RU</subfield>
  </datafield>
  <datafield tag="105" ind1=" " ind2=" ">
    <subfield code="a">y   z||||    </subfield>
  </datafield>
  <datafield tag="200" ind1="1" ind2=" ">
    <subfield code="a">&#x88;An &#x89;outline history of Africa</subfield>
    <subfield code="f">Y. Savelyev, G. Vasilyev</subfield>
    <subfield code="g">[Transl. from the Russ. by David Skvirsky]</subfield>
  </datafield>
  <datafield tag="210" ind1=" " ind2=" ">
    <subfield code="a">M.</subfield>
    <subfield code="c">Progress</subfield>
    <subfield code="d">1965</subfield>
  </datafield>
  <datafield tag="215" ind1=" " ind2=" ">
    <subfield code="a">144 &#x441;.</subfield>
    <subfield code="d">17 &#x441;&#x43C;</subfield>
  </datafield>
  <datafield tag="300" ind1=" " ind2=" ">
    <subfield code="a">&#x41D;&#x430; 4-&#x439; &#x441;. &#x43E;&#x431;&#x43B;.: &#x42E;. &#x421;&#x430;&#x432;&#x435;&#x43B;&#x44C;&#x435;&#x432;, &#x413;. &#x412;&#x430;&#x441;&#x438;&#x43B;&#x44C;&#x435;&#x432;. &#x41A;&#x440;&#x430;&#x442;&#x43A;&#x438;&#x439; &#x43E;&#x447;&#x435;&#x440;&#x43A; &#x438;&#x441;&#x442;&#x43E;&#x440;&#x438;&#x438; &#x410;&#x444;&#x440;&#x438;&#x43A;&#x438;</subfield>
  </datafield>
  <datafield tag="607" ind1=" " ind2=" ">
    <subfield code="a">&#x410;&#x444;&#x440;&#x438;&#x43A;&#x430;</subfield>
    <subfield code="x">&#x418;&#x441;&#x442;&#x43E;&#x440;&#x438;&#x44F;</subfield>
    <subfield code="2">nlr_sh1</subfield>
  </datafield>
  <datafield tag="620" ind1=" " ind2=" ">
    <subfield code="a">&#x41C;&#x43E;&#x441;&#x43A;&#x432;&#x430;</subfield>
  </datafield>
  <datafield tag="686" ind1=" " ind2=" ">
    <subfield code="a">&#x418;7-500</subfield>
    <subfield code="2">rubbk</subfield>
  </datafield>
  <datafield tag="700" ind1=" " ind2="1">
    <subfield code="9">z02790</subfield>
    <subfield code="a">Savel'ev</subfield>
    <subfield code="b">Ju. E.</subfield>
  </datafield>
  <datafield tag="701" ind1=" " ind2="1">
    <subfield code="9">z03790</subfield>
    <subfield code="a">Vasil'ev</subfield>
    <subfield code="b">G.</subfield>
  </datafield>
  <datafield tag="790" ind1=" " ind2="1">
    <subfield code="9">z02700</subfield>
    <subfield code="a">Savelyev</subfield>
    <subfield code="b">Y.</subfield>
    <subfield code="4">070</subfield>
  </datafield>
  <datafield tag="790" ind1=" " ind2="1">
    <subfield code="9">z03701</subfield>
    <subfield code="a">Vasilyev</subfield>
    <subfield code="b">G.</subfield>
    <subfield code="4">070</subfield>
  </datafield>
  <datafield tag="801" ind1=" " ind2="1">
    <subfield code="a">RU</subfield>
    <subfield code="b">Infocomm</subfield>
    <subfield code="c">20130329</subfield>
  </datafield>
  <datafield tag="801" ind1=" " ind2="0">
    <subfield code="a">RU</subfield>
    <subfield code="b">INFOCOMM</subfield>
    <subfield code="g">PSBO</subfield>
  </datafield>
  <datafield tag="852" ind1=" " ind2=" ">
    <subfield code="a">NLR</subfield>
    <subfield code="j">&#x418;87 &#x413;-1/5</subfield>
  </datafield>
  <datafield tag="942" ind1=" " ind2=" ">
    <subfield code="c">BOOK</subfield>
  </datafield>
  <datafield tag="980" ind1=" " ind2=" ">
    <subfield code="a">NB</subfield>
  </datafield>
</record>
